<?xml version="1.0" encoding="UTF-8"?>
<record
    xmlns:xsi="http://www.w3.org/2001/XMLSchema-instance"
    xsi:schemaLocation="http://www.loc.gov/MARC21/slim http://www.loc.gov/standards/marcxml/schema/MARC21slim.xsd"
    xmlns="http://www.loc.gov/MARC21/slim">

  <leader>01371nab a22002657a 4500</leader>
  <datafield tag="999" ind1=" " ind2=" ">
    <subfield code="c">5301</subfield>
    <subfield code="d">5301</subfield>
  </datafield>
  <controlfield tag="003">OSt</controlfield>
  <controlfield tag="005">20250312062538.0</controlfield>
  <controlfield tag="008">190603e        xxum|||| |||| 00| 0 spa d</controlfield>
  <datafield tag="040" ind1=" " ind2=" ">
    <subfield code="c">PJ-TDF</subfield>
  </datafield>
  <datafield tag="100" ind1=" " ind2=" ">
    <subfield code="a">Leonardi, Juan Manuel</subfield>
    <subfield code="9">5456</subfield>
  </datafield>
  <datafield tag="245" ind1="1" ind2="3">
    <subfield code="a">La bilateralidad tambi&#xE9;n rige en los juicios de alimentos /</subfield>
    <subfield code="c">Juan Manuel Leonardi. </subfield>
  </datafield>
  <datafield tag="260" ind1=" " ind2=" ">
    <subfield code="c">Ciudad Aut&#xF3;noma de Buenos Aires :</subfield>
    <subfield code="a">Thomson Reuters La Ley, </subfield>
    <subfield code="b">2023.</subfield>
  </datafield>
  <datafield tag="300" ind1=" " ind2=" ">
    <subfield code="a">p. 113-121</subfield>
  </datafield>
  <datafield tag="500" ind1=" " ind2=" ">
    <subfield code="a">Cita: TR LALEY AR/DOC/2043/2023.</subfield>
  </datafield>
  <datafield tag="505" ind1=" " ind2=" ">
    <subfield code="a">Sumario: I. Introducci&#xF3;n.&#x2014; II. El origen del problema: la disparidad de los procedimientos.&#x2014; III. Intento de solucionar la contradicci&#xF3;n.&#x2014; IV. La situaci&#xF3;n actual.&#x2014; V. El proceso de acuerdo con el C&#xF3;digo Civil y Comercial.&#x2014; VI. Incidencias procesales del C&#xF3;digo Civil y Comercial.&#x2014; VII. Contestaci&#xF3;n de demanda.&#x2014; VIII. Conclusiones. </subfield>
  </datafield>
  <datafield tag="505" ind1=" " ind2=" ">
    <subfield code="t">&#xBF;Te interesa el texto completo? Solicitalo al correo: koha@justierradelfuego.gov.ar</subfield>
  </datafield>
  <datafield tag="650" ind1=" " ind2="0">
    <subfield code="9">967</subfield>
    <subfield code="a">DERECHO DE FAMILIA</subfield>
  </datafield>
  <datafield tag="650" ind1=" " ind2="0">
    <subfield code="9">968</subfield>
    <subfield code="a">ALIMENTOS</subfield>
  </datafield>
  <datafield tag="650" ind1=" " ind2="0">
    <subfield code="a">PROCESOS DE FAMILIA</subfield>
    <subfield code="9">3874</subfield>
  </datafield>
  <datafield tag="650" ind1=" " ind2="0">
    <subfield code="a">PRESCRIPCI&#xD3;N</subfield>
    <subfield code="9">3092</subfield>
  </datafield>
  <datafield tag="650" ind1=" " ind2="0">
    <subfield code="a">CONTESTACI&#xD3;N DE LA DEMANDA</subfield>
    <subfield code="9">3295</subfield>
  </datafield>
  <datafield tag="650" ind1=" " ind2="0">
    <subfield code="a">RESPONSABILIDAD PARENTAL</subfield>
    <subfield code="9">1015</subfield>
  </datafield>
  <datafield tag="773" ind1="0" ind2=" ">
    <subfield code="0">2713</subfield>
    <subfield code="9">3170</subfield>
    <subfield code="d">Ciudad Aut&#xF3;noma de Buenos Aires : Thomson Reuters La Ley, 2015-</subfield>
    <subfield code="t">Revista C&#xF3;digo Civil y Comercial. N&#xBA; 5 - Octubre 2023</subfield>
  </datafield>
  <datafield tag="942" ind1=" " ind2=" ">
    <subfield code="2">udc</subfield>
    <subfield code="c">ANA</subfield>
  </datafield>
</record>
